<?xml version="1.0" encoding="UTF-8"?>
<collection xmlns="http://www.loc.gov/MARC21/slim">
  <record>
    <leader>00000nam  2200000   4500</leader>
    <controlfield tag="001">INLIS000000000008301</controlfield>
    <controlfield tag="005">20230621103901</controlfield>
    <datafield tag="035" ind1="#" ind2="#">
      <subfield code="a">0010-0123000234</subfield>
    </datafield>
    <controlfield tag="001">INLIS000000000008301</controlfield>
    <controlfield tag="005">20230127044946</controlfield>
    <datafield tag="035" ind1="#" ind2="#">
      <subfield code="a">0010-0123000234</subfield>
    </datafield>
    <datafield tag="035" ind1="#" ind2="#">
      <subfield code="a">0010-0123000234</subfield>
    </datafield>
    <datafield tag="035" ind1="#" ind2="#">
      <subfield code="a">0010-0123000234</subfield>
    </datafield>
    <datafield tag="035" ind1="#" ind2="#">
      <subfield code="a">0010-0123000234</subfield>
    </datafield>
    <controlfield tag="007">ta</controlfield>
    <controlfield tag="008">230621################|##########|#|##</controlfield>
    <datafield tag="082" ind1="#" ind2="#">
      <subfield code="a">(R)2022 TB-MJ 050</subfield>
    </datafield>
    <datafield tag="084" ind1="#" ind2="#">
      <subfield code="a">(R)2022 TB-MJ 050 NIP</subfield>
    </datafield>
    <datafield tag="245" ind1="#" ind2="#">
      <subfield code="a">Niponica :</subfield>
      <subfield code="b">Discovering Japan (Cover: Taking a Little Break, Japan-Style)</subfield>
    </datafield>
    <datafield tag="250" ind1="#" ind2="#">
      <subfield code="a">No. 31</subfield>
    </datafield>
    <datafield tag="260" ind1="#" ind2="#">
      <subfield code="a">Japan :</subfield>
      <subfield code="b">Ministry of Foreign Affairs of Japan,</subfield>
      <subfield code="c">2022</subfield>
    </datafield>
    <datafield tag="300" ind1="#" ind2="#">
      <subfield code="a">23 halaman :</subfield>
      <subfield code="b">gambar ;</subfield>
      <subfield code="c">21x29,5 cm</subfield>
    </datafield>
    <datafield tag="500" ind1="#" ind2="#">
      <subfield code="a">Taking a Little Break, Japan-Style</subfield>
    </datafield>
    <datafield tag="650" ind1="#" ind2="4">
      <subfield code="a">Majalah 2022</subfield>
    </datafield>
    <datafield tag="650" ind1="#" ind2="4">
      <subfield code="a">Niponica 2022</subfield>
    </datafield>
    <datafield tag="856" ind1="#" ind2="#">
      <subfield code="a">OPAC (Rak Majalah Niponica 2022)</subfield>
    </datafield>
    <datafield tag="310" ind1=" " ind2=" ">
      <subfield code="a">No. 31</subfield>
    </datafield>
    <datafield tag="505" ind1="#" ind2="#">
      <subfield code="a">Contents:&#13;
Special Feature Taking a Little Break, Japan-Style; Take a Little Break in Japan; Lesson in Zen; Regulating Mind and Life; The Kominka Experiance: Recharging Mind and Body; Napping in the Big City; Relaxing in Japanese Loungewear; a Virtual Journey through Japan Hot Springs Tour across Japan; Tasty JapanL Time to Eat! Kanmidokoro; Strolling Japan Hakone; Souvenirs of Japan Mamezara</subfield>
    </datafield>
    <datafield tag="990" ind1="#" ind2="#">
      <subfield code="a">011/MJ-22</subfield>
    </datafield>
  </record>
</collection>
